Excellent teams (Record no. 62308)

MARC details
000 -LEADER
fixed length control field 00817cam a2200217 4500
001 - CONTROL NUMBER
control field ABS61793
008 - FIXED-LENGTH DATA ELEMENTS--GENERAL INFORMATION
fixed length control field 000000n2000 000 0 eng u
035 ## - SYSTEM CONTROL NUMBER
System control number (Sirsi) u103744
100 ## - MAIN ENTRY--PERSONAL NAME
Personal name Ripper, M.
245 ## - TITLE STATEMENT
Title Excellent teams
260 ## - PUBLICATION, DISTRIBUTION, ETC.
Date of publication, distribution, etc. 2000
490 ## - SERIES STATEMENT
Series statement Premises and Facilities Management
Volume/sequential designation January 2000, 32-33(2)
520 ## - SUMMARY, ETC.
Summary, etc. Advice for organisations on how to test whether their facilities management team is providing the right service and value for money. Outlines five key indicators of excellence. Further details available on the Internet at: http://www.i-fm.net
590 ## - LOCAL NOTE (RLIN)
Local note ABS
650 ## - SUBJECT ADDED ENTRY--TOPICAL TERM
Topical term or geographic name entry element FACILITIES MANAGEMENT
9 (RLIN) 6240
650 ## - SUBJECT ADDED ENTRY--TOPICAL TERM
Topical term or geographic name entry element PERFORMANCE INDICATORS
650 ## - SUBJECT ADDED ENTRY--TOPICAL TERM
Topical term or geographic name entry element QUALITY MANAGEMENT
650 ## - SUBJECT ADDED ENTRY--TOPICAL TERM
Topical term or geographic name entry element BUILDING MANAGEMENT
690 ## - LOCAL SUBJECT ADDED ENTRY--TOPICAL TERM (OCLC, RLIN)
Topical term or geographic name as entry element MANAGEMENT-FACILITIES MANAGEMENT
942 ## - ADDED ENTRY ELEMENTS (KOHA)
Suppress in OPAC 0
Holdings
Withdrawn status Lost status Source of classification or shelving scheme Damaged status Not for loan Home library Current library Shelving location Date acquired Total Checkouts Full call number Barcode Date last seen Copy number Price effective from Koha item type
    Dewey Decimal Classification     London London Journal article 24/01/2000   ABS61793 103744-1001 06/08/2019 1 06/08/2019 Journal article